| 000 -NÁVESTIE |
| fixed length control field |
00736nam a2200241 a 4500 |
| 008 - ÚDAJE S PEVNOU DĹŽKOU – VŠEOBECNÉ INFORMÁCIE |
| fixed length control field |
951213s1977||||CS 0 slo c |
| 020 ## - MEDZINÁRODNÉ ŠTANDARDNÉ ČÍSLO KNIHY (ISBN) |
| Údaje o dostupnosti |
40 Kčs. |
| Qualifying information |
(36000 výtl.) |
| 040 ## - ZDROJ KATALOGIZÁCIE |
| Pôvodná katalogizujúca agentúra |
SNK |
| Jazyk katalogizácie |
slo |
| Prepisujúca agentúra |
SNK |
| Konvencie popisu |
AACR2 |
| 044 ## - KÓD KRAJINY VYDAVATEĽA/PRODUCENTA |
| Kód krajiny MARC |
xo |
| Kód krajiny ISO |
SK |
| 080 ## - ČÍSLO MEDZINÁRODNÉHO DESATINNÉHO TRIEDENIA (MDT) |
| Číslo Medzinárodného desatinného triedenia (MDT) |
820-3 |
| 100 1# - OSOBNÉ MENÁ – VŠEOBECNÉ INFORMÁCIE |
| Osobné meno |
Murdoch, Iris |
| 245 10 - NÁZOV |
| Názov |
Čierny princ |
| Údaj o zodpovednosti atď. |
Iris Murdoch ; Jarmila Samcová, Miloš Urbásek, Jozef Gális, William Shakespeare |
| 250 ## - ÚDAJ O PORADÍ VYDANIA |
| Údaj o poradí vydania |
1., vyd. |
| 260 ## - VYDAVATEĽSKÉ ÚDAJE, DISTRIBÚCIA ATĎ. |
| Miesto publikovania, distribúcie atď. |
Bratislava |
| Názov vydavateľa, distibútora atď. |
Smena |
| Dátum publikovania, distribúcie atď. |
1977 |
| Miesto výroby |
Bratislava |
| Výrobca |
Pravda |
| 300 ## - FYZICKÝ POPIS |
| Rozsah |
375 s., 27,28 AH |
| Rozmery |
21 cm |
| 490 0# - EDÍCIA |
| Edícia |
Eva |
| Zväzok/sekvenčné označenie |
Zv. 53. |
| 500 ## - VŠEOBECNÁ POZNÁMKA |
| Formátovaná poznámka o obsahu |
Pozn. |
| 700 1# - PRIDANÝ VSTUP – OSOBNÉ MENO |
| Osobné meno |
Samcová, Jarmila |
| Kód roly |
prk |
| 700 1# - PRIDANÝ VSTUP – OSOBNÉ MENO |
| Osobné meno |
Urbásek, Miloš |
| Kód roly |
gup |
| 700 1# - PRIDANÝ VSTUP – OSOBNÉ MENO |
| Osobné meno |
Gális, Jozef |
| Kód roly |
gup |
| 700 1# - PRIDANÝ VSTUP – OSOBNÉ MENO |
| Osobné meno |
Shakespeare, William |
| Dátumy súvisiace s menom |
1564-1616 |
| Kód roly |
ini |
| 958 ## - Formálny deskriptor |
| Formálny deskriptor |
A |